000 01570nam a2200421 a 4500
003 BLK
005 20230719090059.0
008 180408b bul|||||r ||||||| ||bul||
010 _aKNG00096683000
020 _a978-954-579-789-7
040 _aBLK
041 _aBUL
_cBUL
072 7 _2bullib
_aН70
_xИзкуства Н
080 _aОсветяване на различни обекти - Външно, вътрешно, фасадно и др.
_b628.97
_x:721(075.8)
_z628.97:721(075.8)
100 1 _aТерзиев, Стефан Недялков
_eпърви автор
_9304621
139 _aТерзиев, Стефан Недялков и др.
_bТ 53
245 1 0 _aАрхитектурно осветление
_cСтефан Недялков Терзиев, Милена Петрова.
257 _aBGR
260 _bСлавена
_c2009
_aВарна
300 _a252 с.
_bс табл., сх., ил.
_c22х24 см
380 _a62
650 4 _aОсветление
_9165261
650 4 _aОсветителна техника
_9165259
650 4 _aАрхитектура
_9147603
653 _aосветление
653 _aосветителни системи
653 _aархитектура
653 _aучебници за ВУЗ
659 _aН
700 1 _aПетрова, Милена
_eсъавт.
_9296313
852 _aЦб 248463
_bЦб
856 4 _qpdf
856 4 _qpdf
942 _cKNG
_n0
944 _aCR
_c18.08.2010
_k30542
_lРусанова Ирена
944 _aED
_c19.07.2023
999 _c91916
_d91916
999 _d91916